000 00874nam a2200217 a 4500
001 000033353
005 20240410073847.0
008 110825s1977 dr 000 0 spa d
040 _aDO-SdBNP
_bspa
_cBNPHU
082 _a972.9304
_bC355c
100 1 _aCastro, Víctor M. de,
_d1872-1924
_958935
245 1 0 _aCosas de Lilis /
_cVíctor M. de Castro ; prólogo Américo Lugo.
260 _aSanto Domingo :
_bTaller,
_c1977.
300 _a112 p. ;
_c21 cm.
600 1 4 _aHEUREAUX, ULISES,
_d1845-1895
_vANECTODAS, CHISTES, SATIRAS. ETC
_958937
650 4 _aPresidendetes
_zRepública Dominicana
_xBiografías
_958938
651 0 _aRepública Dominicana --
_xHistoria --
_y1844-1930
_91009
651 4 _aRepública Dominicana
_xHistoria
_vANÉCTODAS, CHISTES, SÁTIRAS, ETC
_958939
700 1 2 _aLugo, Américo
_d1870-1952
_epról.
_981550
910 _aValidado. Control de calidad MFF
999 _c32844
_d32844